| 000 | 01013cab a22002055a 4500 | ||
|---|---|---|---|
| 001 | L143009 | ||
| 008 | 080401e20080328xxk f 000 0 eng d | ||
| 035 | _a(Sirsi) u143009 | ||
| 041 | 0 | _aeng | |
| 100 | 1 | _aGlackin, Michael | |
| 245 | 0 | 0 | _aBosses beware |
| 260 | _c2008 | ||
| 490 | 0 |
_aBuilding _v273(8522) 28 March 2008, 46-48(3) |
|
| 520 | _aThe Corporate Manslaughter and Corporate Homicide Act 2007, due to become law on 6 April 2008, heralds a significant change in how serious accidents on building sites will be dealt with. The Act will make it easier to prosecute firms for corporate manslaughter and companies will be hit with substantial fines if convicted, paying between 2.5% and 10% of annual turnover. Includes key points from the Act and industry views from construction union Ucatt and the Construction Confederation. | ||
| 590 | _aKA | ||
| 650 | 2 | 4 | _aCORPORATE MANSLAUGHTER AND CORPORATE HOMICIDE ACT 2007 |
| 651 | 4 |
_aUnited Kingdom _y |
|
| 690 |
_aHealth and safety _96244 |
||
| 942 | _n0 | ||
| 999 |
_c80014 _d80014 |
||